000 00238nam a2200097Ia 4500
008 120527s9999 xx 000 0 und d
100 _aStanbury P. F.
245 _aPrinciple of fermentation technology.
260 _bPergamon.
942 _cBK
999 _c15799
_d15799